<?xml version="1.0" encoding="UTF-8"?>
<record
    xmlns:xsi="http://www.w3.org/2001/XMLSchema-instance"
    xsi:schemaLocation="http://www.loc.gov/MARC21/slim http://www.loc.gov/standards/marcxml/schema/MARC21slim.xsd"
    xmlns="http://www.loc.gov/MARC21/slim">

  <leader>00836nam a22001937a 4500</leader>
  <controlfield tag="008">150410b        xxu||||| |||| 00| 0 eng d</controlfield>
  <datafield tag="020" ind1=" " ind2=" ">
    <subfield code="a">9789930949825</subfield>
  </datafield>
  <datafield tag="082" ind1=" " ind2=" ">
    <subfield code="a">707</subfield>
    <subfield code="b">Ch512e</subfield>
  </datafield>
  <datafield tag="100" ind1=" " ind2=" ">
    <subfield code="a">Chavarr&#xED;a Zamora, Mar&#xED;a Jose</subfield>
    <subfield code="9">2379</subfield>
  </datafield>
  <datafield tag="245" ind1=" " ind2=" ">
    <subfield code="a">Escala de valores</subfield>
    <subfield code="b">Walterio Iraheta</subfield>
    <subfield code="c">Chavarria Zamora, Maria Jose (curadora)</subfield>
  </datafield>
  <datafield tag="260" ind1=" " ind2=" ">
    <subfield code="a">San Jos&#xE9;, Costa Rica</subfield>
    <subfield code="b">Museo de Arte y Dise&#xF1;o Contemporaneo MADC</subfield>
    <subfield code="c">2014</subfield>
  </datafield>
  <datafield tag="300" ind1=" " ind2=" ">
    <subfield code="a">50 p.</subfield>
    <subfield code="b">ill. (col)</subfield>
    <subfield code="c">24 cm.</subfield>
  </datafield>
  <datafield tag="505" ind1=" " ind2=" ">
    <subfield code="t">Walterio Iraheta. El orden del caos / Fiorella Resenterra</subfield>
    <subfield code="t">Escala de Valores / Mar&#xED;a Jos&#xE9; Chavarr&#xED;a</subfield>
  </datafield>
  <datafield tag="650" ind1=" " ind2=" ">
    <subfield code="x">Arte-cat&#xE1;logos</subfield>
    <subfield code="x">Arte contempor&#xE1;neo-America Latina</subfield>
    <subfield code="x">Bellas artes</subfield>
    <subfield code="9">2384</subfield>
  </datafield>
  <datafield tag="700" ind1=" " ind2=" ">
    <subfield code="a">Walterio Iraheta (fot), </subfield>
    <subfield code="9">2385</subfield>
  </datafield>
  <datafield tag="720" ind1=" " ind2=" ">
    <subfield code="a">Maria Jos&#xE9; Chavarr&#xED;a Zamora</subfield>
    <subfield code="e">curadora</subfield>
  </datafield>
  <datafield tag="720" ind1=" " ind2=" ">
    <subfield code="a">Natasha Mclver</subfield>
    <subfield code="e">Traductora</subfield>
  </datafield>
  <datafield tag="720" ind1=" " ind2=" ">
    <subfield code="a">Walterio Iraheta</subfield>
    <subfield code="e">Fot&#xF3;grafo</subfield>
  </datafield>
  <datafield tag="999" ind1=" " ind2=" ">
    <subfield code="c">512</subfield>
    <subfield code="d">512</subfield>
  </datafield>
  <datafield tag="952" ind1=" " ind2=" ">
    <subfield code="0">0</subfield>
    <subfield code="1">0</subfield>
    <subfield code="2">ddc</subfield>
    <subfield code="4">0</subfield>
    <subfield code="7">0</subfield>
    <subfield code="a">LV</subfield>
    <subfield code="b">LV</subfield>
    <subfield code="c">Monograf&#xED;as</subfield>
    <subfield code="d">2015-04-10</subfield>
    <subfield code="l">0</subfield>
    <subfield code="o">707 Ch 512e</subfield>
    <subfield code="p">004029</subfield>
    <subfield code="r">2015-04-10 00:00:00</subfield>
    <subfield code="w">2015-04-10</subfield>
    <subfield code="y">01</subfield>
  </datafield>
</record>
